000 00802nam a2200289 a 4500
005 20140310183550.0
008 111015s19uu xx 00 eng d
020 _a9789715848930
050 _aRT 13.P6
_b.V46 2005
100 _aVenzon, Lydia M.
245 _aProfessional nursing in the Philippines /
_cLydia M. Venzon, Ronald M. Venzon.
250 _a10th ed.
260 _aQuezon City :
_bC & E Pub,
_c2005.
300 _axx, 456 p. :
_c23 cm.
500 _aIncludes bibliographical references and index.
521 _aNUR
650 _aNursing
_xVocational guidance
650 _aNursing
_zPhilippines
700 _aVenzon, Ronald M.
942 _cBK
_2lcc
_kFOR
999 _c24946
_d24946